Go for it ! : Workbook

Na minha lista:
Detalhes bibliográficos
Autor principal: Beatty, Ken
Formato: Livro
Idioma:Undetermined
Publicado em: Boston. MA. Thomson Heinle c2005
Assuntos:
Tags: Adicionar Tag
Sem tags, seja o primeiro a adicionar uma tag!
Thư viện lưu trữ: Trung tâm Học liệu Trường Đại học Cần Thơ
LEADER 00567nam a2200217Ia 4500
001 CTU_123936
008 210402s9999 xx 000 0 und d
020 |c 131000 
082 |a 428.240076 
082 |b B369/T.1 
100 |a Beatty, Ken 
245 0 |a Go for it ! : 
245 0 |b Workbook 
245 0 |c Ken Beatty 
260 |a Boston. MA. 
260 |b Thomson Heinle 
260 |c c2005 
650 |a English language 
650 |x study and teaching,problems, exercises, etc. 
904 |i Năm 
980 |a Trung tâm Học liệu Trường Đại học Cần Thơ